MARC details
| 000 -CABECERA |
| campo de control de longitud fija |
03895nam a2200433 a 4500 |
| 001 - NÚMERO DE CONTROL |
| campo de control |
dia_5337 |
| 003 - IDENTIFICADOR DEL NÚMERO DE CONTROL |
| campo de control |
CHAP |
| 005 - FECHA Y HORA DE LA ÚLTIMA TRANSACCIÓN |
| campo de control |
20240909093750.0 |
| 007 - CAMPO FIJO DE DESCRIPCIÓN FÍSICA--INFORMACIÓN GENERAL |
| campo de control de longitud fija |
ta |
| 008 - DATOS DE LONGITUD FIJA--INFORMACIÓN GENERAL |
| campo de control de longitud fija |
220117s2013 mx ado fsm 001 0 spa d |
| 010 ## - NÚMERO DE CONTROL DE LA BIBLIOTECA DEL CONGRESO |
| Número de control de LC |
176274 |
| 040 ## - FUENTE DE LA CATALOGACIÓN |
| Centro catalogador/agencia de origen |
mxchpua |
| Centro/agencia transcriptor |
CHAP |
| 041 0# - CÓDIGO DE LENGUA |
| Código de lengua del texto/banda sonora o título independiente |
spa |
| Código de lengua del sumario o resumen |
eng |
| 090 ## - LOCALMENTE ASIGNADO TIPO-LC NÚMERO DE CLASIFICACIÓN (OCLC); NÚMERO DE CLASIFICACIÓN LOCAL (RLIN) |
| Número de clasificación (OCLC) (R) ; Numero de clasificación, CALL (RLIN) (NR) |
Tesis |
| Número cutter local (OCLC) ; Número de libro/Signatura topográfica íntegra, CALL (RLIN) |
T78 |
| año |
2013 |
| 100 1# - ENTRADA PRINCIPAL--NOMBRE DE PERSONA |
| Nombre de persona |
Trujillo Ramírez, Daniel |
| 240 10 - TÍTULO UNIFORME |
| Título uniforme |
Stability and rheological properties of oil-in-water micro and nanoemulsions made with whey protein hydrolysate-haw pectin soluble complexes. |
| Lenguaje de la obra |
Español |
| 245 10 - MENCIÓN DE TÍTULO |
| Título |
Estabilidad y propiedades reológicas de micro y nano-emulsiones aceite-en-agua preparadas con complejos solubles hidrolizado de proteína de lactosuero-pectina de tejocote / |
| Mención de responsabilidad, etc. |
Daniel Trujillo Ramírez |
| 264 ## - PRODUCCIÓN, PUBLICACIÓN, DISTRIBUCIÓN, FABRICACIÓN Y COPYRIGHT |
| Producción, publicación, distribución, fabricación y copyright |
Chapingo, México : |
| Nombre del de productor, editor, distribuidor, fabricante |
El autor, |
| Fecha de producción, publicación, distribución, fabricación o copyright |
2013 |
| 300 ## - DESCRIPCIÓN FÍSICA |
| Extensión |
viii, 101 hojas : |
| Otras características físicas |
ilustraciones, tablas, gráficas, fotos + |
| Material acompañante/anejo |
1 CD-ROM |
| 336 ## - TIPO DE CONTENIDO |
| Fuente |
rdacontent |
| Término de tipo de contenido |
texto |
| Código de tipo de contenido |
txt |
| 337 ## - TIPO DE MEDIO |
| Fuente |
rdamedia |
| Nombre/término del tipo de medio |
no mediado |
| Código del tipo de medio |
n |
| 338 ## - TIPO DE SOPORTE |
| Fuente |
rdacarrier |
| Nombre/término del tipo de soporte |
volumen |
| Código del tipo de soporte |
nc |
| 502 ## - NOTA DE TESIS |
| Nota de tesis |
Tesis |
| Tipo de título |
(Maestro en Ciencias en Ciencia y Tecnología Agroalimentaria) -- |
| Nombre de la institución que otorga el título |
UACh. Departamento de Ingeniería Agroindustrial, |
| Año de obtención del título |
2013 |
| 504 ## - NOTA DE BIBLIOGRAFÍA, ETC. |
| Nota de bibliografía, etc. |
Incluye bibliografías |
| 520 3# - SUMARIO, ETC. |
| Sumario, etc. |
La estabilidad y propiedades reológicas de micro y nanoemulsiones aceite-en-agua (E) estabilizadas con complejos solubles (CSWPH,P) hidrolizado de proteína de lactosuero (WPH)-pectina (P) fueron evaluadas. Dieciocho variaciones de E se prepararon usando una relación en peso WPH:P de 6:1, y variando el tamaño de gota (4000, 3000, 2500, 200, 100 y 30 nm) y el tipo de pectina [pectinas de accesiones de tejocote 26 y 50 (PT26 y PT50, respectivamente) y pectina cítrica (PC)]. Los valores de pH para generar CSWPH,P se establecieron mediante determinaciones de potencial zeta y turbidez. Ambos, el tipo de pectina y tamaño de gota influenciaron la estabilidad y propiedades reológicas de las E. Todas las E fueron estables, pero aquellas con diámetro volumétrico-superficial medio (d3,2) ≤ 100 nm sufrieron la variación más pequeña de tamaño de gota durante el almacenamiento. Las EPT26 y EPT50 mostraron propiedades viscoelásticas y viscosidades aparentes más elevadas, las cuales fueron mayores conforme los valores de d3,2 disminuyeron, en comparación con aquellas presentadas por EPC. |
| 520 3# - SUMARIO, ETC. |
| Sumario, etc. |
The stability and rheological properties of oil-in-water micro and nanoemulsions (E) stabilized by whey protein hydrolysate (WPH)-pectin (P) soluble complexes (CSWPH,P) were evaluated. Eighteen E variations were prepared using a weight ratio WPH:P of 6:1 and by varying the droplet size (4000, 3000, 2500, 200, 100, and 30 nm) and the pectin type [pectins from 26 and 50 haw accessions (PT26 and PT50, respectively), and citrus pectin (PC)]. The interaction pH values to generate CSWPH,P were established through zeta potential and turbidity determinations. Both pectin type and the droplet size influenced the stability and rheological properties of the E. All of the E were stable, but those with volume-surface average diameter (d3,2) ≤ 100 nm suffered the smallest droplet size variation during the storage. The EPT26 and EPT50 displayed higher viscoelastic properties and apparent viscosities, which increased as the d3,2 values decreased, in comparison with those presented by the EPC. |
| 650 13 - PUNTO DE ACCESO ADICIONAL DE MATERIA--TÉRMINO DE MATERIA |
| Término de materia o nombre geográfico como elemento de entrada |
Interfase aceite-agua |
| Fuente del encabezamiento o término |
atg |
| 650 13 - PUNTO DE ACCESO ADICIONAL DE MATERIA--TÉRMINO DE MATERIA |
| Término de materia o nombre geográfico como elemento de entrada |
Emulsificadores |
| Fuente del encabezamiento o término |
atg |
| 650 13 - PUNTO DE ACCESO ADICIONAL DE MATERIA--TÉRMINO DE MATERIA |
| Término de materia o nombre geográfico como elemento de entrada |
Emulsifiers |
| Fuente del encabezamiento o término |
atg |
| 650 13 - PUNTO DE ACCESO ADICIONAL DE MATERIA--TÉRMINO DE MATERIA |
| Término de materia o nombre geográfico como elemento de entrada |
Oil-water interface |
| Fuente del encabezamiento o término |
atg |
| 700 1# - PUNTO DE ACCESO ADICIONAL--NOMBRE DE PERSONA |
| Nombre de persona |
Lobato Calleros, Consuelo Silvia Olivia |
| Término indicativo de función/relación |
directora |
| 700 1# - PUNTO DE ACCESO ADICIONAL--NOMBRE DE PERSONA |
| Nombre de persona |
Aguirre Mandujano, Eleazar |
| Término indicativo de función/relación |
asesor |
| 700 1# - PUNTO DE ACCESO ADICIONAL--NOMBRE DE PERSONA |
| Nombre de persona |
Valle Guadarrama, Salvador |
| Término indicativo de función/relación |
asesor |
| 856 41 - LOCALIZACIÓN Y ACCESO ELECTRÓNICOS |
| Identificador Uniforme del Recurso |
<a href="http://10.13.5.2/tesis/sist109502.pdf">http://10.13.5.2/tesis/sist109502.pdf</a> |
| Texto de enlace |
DESCARGAR PDF |
| 901 ## - ELEMENTOS DE DATOS A LOCAL LDA (RLIN) |
| a |
TESIS T78 2013 |
| 942 ## - ELEMENTOS DE PUNTO DE ACCESO ADICIONAL (KOHA) |
| Tipo de ítem Koha |
TESIS |
| Fuente del sistema de clasificación o colocación |
Clasificación Universidad Autónoma Chapingo |
| 902 ## - ELEMENTOS DE DATOS B LOCAL, LDB (RLIN) |
| a |
M |
| 905 ## - ELEMENTOS DE DATOS E LOCAL, LDE (RLIN) |
| a |
5132272013 mx amnl8222223322spa16 |